000 00570nam a2200205Ia 4500
003 OSt
005 20230417114421.0
008 210423s2009 xx 000 0 und d
020 _a9788173714139
040 _cAL
041 _aeng
082 _a510.02
_223
_bSHIS
100 _aSHIRALI (Shailesh).
_989308
245 _aMathematical marvels adventures in problem solving.
260 _aNew Delhi
_bUniversities Press
_c2009
300 _aix,318
_bPB
365 _b350
_cINR
906 _aadventures ; marvels ; Mathematical ; problem ; solving.
942 _2ddc
_cBK
999 _c160555
_d160555